000 00721nam a2200241 a 4500
999 _c879
_d879
008 191106r19962014ii ad||g |||| 001 0 eng d
020 _a9788122427233
_cRs. 450.00
040 _aKO
_beng
041 0 _aeng
044 _aii
082 0 4 _223
_a620.0015196
_bR1801
100 1 _aRao, Singiresu S.
245 1 0 _aEngineering Optimization :
_bTheory and Practice /
_cSingiresu S. Rao
250 _a3rd ed.
260 _aNew Delhi :
_bNew Age International (P) Limited ,
_c1996, reprinted 2014
300 _axix, 754 p. :
_bill. ;
_c24 cm.
504 _aIncludes Index.
650 0 _aMathematical models
_xEngineering
650 0 _aMathematical optimization
_xEngineering
904 _aA_BOSE
942 _cBK